| 000 | 00574nam a22001577a 4500 | ||
|---|---|---|---|
| 003 | OSt | ||
| 005 | 20150927103848.0 | ||
| 008 | 150927b xxu||||| |||| 00| 0 eng d | ||
| 040 | _cRUA | ||
| 082 | _aAGR អ៊ុច B018 Or.1 | ||
| 100 |
_91409 _aអ៊ុចសុធី |
||
| 245 | _aThe project of trees fruit sation in seam reap, គំរោងបង្កើតស្ថានីយ៏ពិសោធន៏ឈើហូបផ្លែនៅ ខេត្តសៀមរាប | ||
| 260 |
_aPhnom Penh _bRUA _c1995 |
||
| 300 |
_a64p. _bill. _c29cm. |
||
| 942 |
_2ddc _cAGR |
||
| 999 |
_c1324 _d1324 |
||